[Event "27th Czech Open A 2016"]
[Site "Pardubice CZE"]
[Date "2016.07.24"]
[Round "3.47"]
[White "Kulkarni, Rakesh"]
[Black "Zakhartsov, Vladimir"]
[Result "0-1"]
[BlackTitle "IM"]
[WhiteElo "2296"]
[BlackElo "2429"]
[WhiteFideId "5037077"]
[BlackFideId "4145097"]
[EventDate "2016.07.22"]

1. e4 c5 2. c3 Nf6 3. e5 Nd5 4. d4 cxd4 5. Nf3 e6 6. cxd4 d6 7. Bc4 Nc6 8. O-O
Be7 9. Bd2 O-O 10. Nc3 Nb6 11. Bb3 Na5 12. Bc2 dxe5 13. dxe5 Nbc4 14. Qe2 Nxd2
15. Nxd2 Qb6 16. Nde4 g6 17. Rad1 Nc6 18. Nf6+ Kg7 19. Rd3 Qc5 20. Qd2 Rh8 21.
Nce4 Qxe5 22. Ng4 Qh5 23. Bd1 e5 24. Rh3 Qf5 25. Qh6+ Kg8 26. Re1 Qf4 27. Rf3
Qxg4 28. Rxf7 Kxf7 29. Bxg4 Bxg4 30. h3 Bf5 31. Ng3 Bf6 32. Nxf5 gxf5 33. Qh5+
Ke6 34. Qf3 Rab8 35. Qb3+ Ke7 36. Qa3+ Kf7 37. Qb3+ Kg7 38. Qg3+ Kh6 39. Rc1
Rbd8 40. Qf3 Nd4 41. Qd1 Rc8 42. Rc3 Rhd8 43. Kh1 Nb5 44. Rd3 Rxd3 45. Qxd3 Nd4
46. g4 Rc2 47. Kg1 Bh4 48. Qe3+ Kg6 49. gxf5+ Kxf5 50. Qh6 Nf3+ 51. Kh1 Rxf2 52.
Qf8+ Kg5 53. Qg8+ Kf5 54. Qc8+ Kf4 55. Qc4+ e4 56. Qc7+ Ke3 57. Qc3+ Ke2 58.
Qc2+ Nd2 59. Qc5 Kd1 60. Qh5+ Nf3 61. Qd5+ Kc1 62. Qc4+ Kb1 63. Qxe4+ Ka1 0-1

[Event "27th Czech Open A 2016"]
[Site "Pardubice CZE"]
[Date "2016.07.24"]
[Round "3.48"]
[White "Gahan, M G"]
[Black "Kraus, Tomas"]
[Result "1-0"]
[BlackTitle "FM"]
[WhiteElo "2249"]
[BlackElo "2426"]
[WhiteFideId "5027373"]
[BlackFideId "331708"]
[EventDate "2016.07.22"]

1. e4 e6 2. d4 d5 3. exd5 exd5 4. Nf3 Bd6 5. Bd3 Ne7 6. O-O Bg4 7. Re1 Nc6 8. c3
Qd7 9. b4 f6 10. Nbd2 O-O-O 11. Qa4 a6 12. Rb1 Nb8 13. b5 g5 14. Ba3 axb5 15.
Bxb5 c6 16. Bd3 Ng6 17. Bxd6 Qxd6 18. Qc2 Nf4 19. Bf5+ Bxf5 20. Qxf5+ Nd7 21.
Nb3 Kc7 22. g3 Nh5 23. Nc5 Nxc5 24. dxc5 Qd7 25. Qc2 Ra8 26. Nd4 Ng7 27. Rb4 Ra5
28. Reb1 Ra7 29. Qb3 Qc8 30. Rb6 Qa8 31. Qc2 Qc8 32. Qb3 Qa8 33. Re1 Re8 34.
Rxe8 Nxe8 35. Qb1 Qc8 36. Rxc6+ bxc6 37. Qb6+ Kd7 38. Qxa7+ Nc7 39. Qb6 Qa8 40.
Qb1 Qa4 41. Qf5+ 1-0

[Event "27th Czech Open A 2016"]
[Site "Pardubice CZE"]
[Date "2016.07.24"]
[Round "3.49"]
[White "Holtman, Teodor"]
[Black "Domogaev, Sergey"]
[Result "1/2-1/2"]
[BlackTitle "GM"]
[WhiteElo "2238"]
[BlackElo "2419"]
[WhiteFideId "14933721"]
[BlackFideId "24103608"]
[EventDate "2016.07.22"]

1. e4 c5 2. Nf3 Nc6 3. Nc3 e6 4. d4 cxd4 5. Nxd4 Nf6 6. Ndb5 d6 7. Bf4 e5 8. Nd5
Nxd5 9. exd5 exf4 10. dxc6 bxc6 11. Qf3 d5 12. O-O-O Be7 13. Qc3 O-O 14. Qxc6
Be6 15. Nc7 Rc8 16. Nxe6 Rxc6 17. Nxd8 Rxd8 18. Rd4 Rf6 19. b4 f3 20. a3 Rc6 21.
Bd3 Bf6 22. Rg4 Rc3 23. Kd2 fxg2 24. Rxg2 Rxa3 25. Ke3 Ra4 26. Rb1 Rb8 27. b5
Re8+ 28. Kf3 h5 29. Rgg1 Rb8 30. h3 Kf8 31. Rge1 g6 32. Kg2 Bd4 33. Kf3 Rb6 34.
Kg2 Rf6 35. Re2 Bb6 36. f3 Raf4 37. Rf1 Bd4 38. Ree1 Rd6 39. Kg3 Rdf6 40. Kg2 h4
41. Rb1 Bc5 42. Rbe1 Bd4 43. Rb1 Bc3 44. Rb3 Bb4 45. Rbb1 Re6 46. Ra1 Bc5 47.
Rae1 Be3 48. Re2 Re5 49. Kh1 Rf6 50. Rg2 Re7 51. Rg4 g5 52. Rg2 Rfe6 53. Re2 Re5
54. Rfe1 Kg7 55. Kg2 Kf6 56. Kf1 R7e6 57. Kg2 Re7 58. Kf1 Bf4 59. Rxe5 Bxe5 60.
Kg2 Rc7 61. Rb1 Bd4 62. Re1 Rc8 63. Kf1 Rc3 64. Kg2 Ra3 65. Kf1 Ra4 66. Kg2 Rb4
67. Kf1 Bc3 68. Rd1 Ke5 69. Ke2 Kf4 70. Rg1 f5 71. Rc1 Rb2 72. Rd1 Ra2 73. Kf2
Ra3 74. Rb1 Ba5 75. Kg2 Rc3 76. Ra1 Bb6 77. Re1 Be3 78. Ra1 Rc7 79. Ra4+ Ke5 80.
Ra6 Bb6 81. Ra1 Rc8 82. Re1+ Kf6 83. Re2 Ba5 84. Re3 Rg8 85. Re2 Bc7 86. Re1 Be5
87. Rb1 Bd4 88. Re1 Rf8 89. Kh1 Bf2 90. Re2 Bb6 91. Re1 Rc8 92. Kg2 Rg8 93. Re2
Bc7 94. Re1 g4 95. fxg4 fxg4 96. Rf1+ Ke5 97. hxg4 Rxg4+ 98. Kh3 Ra4 99. Rf7 Bd8
100. Rf8 Be7 101. Rf5+ Ke6 102. Rf1 Bf6 103. Rb1 Ke5 104. Rf1 Ke6 105. Rb1 Bd8
106. Re1+ Kd6 107. Re8 Bb6 108. Rf8 Ke6 109. Re8+ Kd6 110. Rf8 Ba5 111. Rf1 Kc5
112. Rf6 Bd8 113. Rc6+ Kd4 114. Ra6 Rxa6 1/2-1/2

[Event "27th Czech Open A 2016"]
[Site "Pardubice CZE"]
[Date "2016.07.24"]
[Round "3.50"]
[White "Bilguun, Sumiya"]
[Black "Sazonova, Anastasia"]
[Result "1-0"]
[WhiteTitle "FM"]
[BlackTitle "WFM"]
[WhiteElo "2419"]
[BlackElo "2086"]
[WhiteFideId "4901541"]
[BlackFideId "24131008"]
[EventDate "2016.07.22"]

1. e4 e6 2. d4 d5 3. Bd3 dxe4 4. Bxe4 Nf6 5. Bf3 c5 6. Ne2 Be7 7. O-O O-O 8. c3
Qb6 9. Nd2 Nc6 10. Nc4 Qa6 11. Ne5 Rd8 12. Nxc6 bxc6 13. Qc2 Bb7 14. a3 cxd4 15.
cxd4 Rac8 16. Be3 Nd5 17. b4 Qb6 18. Nc3 a5 19. Na4 Qc7 20. bxa5 Qxa5 21. Rfb1
Ba6 22. Bd2 Qc7 23. Nc5 Ra8 24. Ne4 Qa7 25. Nc5 Qc7 26. Re1 Bf6 27. Qe4 Ne7 28.
Bf4 Qa7 29. Be5 Bxe5 30. Qxe5 Bc4 31. a4 Bd5 32. Be2 Nf5 33. Bd3 Nh4 34. Bxh7+
Kxh7 35. Qh5+ Kg8 36. Qxh4 Rab8 37. h3 Qa5 38. Re3 Rb4 39. Rg3 Qa8 40. Qf6 g6
41. Rg5 1-0

[Event "27th Czech Open A 2016"]
[Site "Pardubice CZE"]
[Date "2016.07.24"]
[Round "3.51"]
[White "Chekletsov, Ilya"]
[Black "Nasuta, Grzegorz"]
[Result "1-0"]
[WhiteTitle "FM"]
[BlackTitle "IM"]
[WhiteElo "2223"]
[BlackElo "2417"]
[WhiteFideId "24177156"]
[BlackFideId "1141686"]
[EventDate "2016.07.22"]

1. d4 Nf6 2. c4 g6 3. Nc3 d5 4. Bg5 Ne4 5. Bh4 Nxc3 6. bxc3 dxc4 7. e3 Be6 8.
Be2 Bg7 9. Nh3 Bxh3 10. gxh3 Nd7 11. Bxc4 Nb6 12. Bb3 O-O 13. Qf3 c6 14. O-O Qc7
15. Rad1 Rae8 16. e4 e5 17. Rfe1 Kh8 18. Qe3 Qc8 19. Bg3 exd4 20. cxd4 Qd7 21.
Qd3 f5 22. exf5 Rxf5 23. Rxe8+ Qxe8 24. Qe3 Qd8 25. Qe4 Rf8 26. d5 cxd5 27. Bxd5
Re8 28. Qf3 Nxd5 29. Rxd5 Qf6 30. Qb3 Re1+ 31. Kg2 Qc6 32. Qf3 Re8 33. h4 h5 34.
Rd6 Qxf3+ 35. Kxf3 Rf8+ 36. Ke4 Rf6 37. Rd8+ Kh7 38. Rd7 Re6+ 39. Kd5 Rb6 40.
Be5 Rb5+ 41. Kd6 Rxe5 42. Rxg7+ Kxg7 43. Kxe5 a5 44. a4 Kf7 45. Kd5 Ke7 46. Kc5
Kd7 47. Kb6 Kd6 48. Kxa5 Kc5 49. h3 Kc6 50. Kb4 Kb6 51. a5+ Ka6 52. Ka4 b6 53.
axb6 Kxb6 54. Kb4 Kc6 55. Kc4 Kd6 56. Kd4 Ke6 57. Ke4 Kd6 58. Kf4 Ke6 59. Kg5
Kf7 60. Kh6 Kf6 61. Kh7 Kf7 62. f3 Kf6 63. Kg8 g5 64. Kh7 Kf5 65. Kh6 gxh4 66.
Kxh5 Kf4 67. Kxh4 Kxf3 68. Kg5 1-0

[Event "27th Czech Open A 2016"]
[Site "Pardubice CZE"]
[Date "2016.07.24"]
[Round "3.52"]
[White "Vokac, Marek"]
[Black "Waechter, Nathalie"]
[Result "1-0"]
[WhiteTitle "GM"]
[WhiteElo "2415"]
[BlackElo "1993"]
[WhiteFideId "300101"]
[BlackFideId "12921033"]
[EventDate "2016.07.22"]

1. Nf3 d5 2. b3 Nf6 3. Bb2 e6 4. g3 c5 5. Bg2 Nc6 6. O-O Be7 7. e3 O-O 8. c4 Qb6
9. cxd5 exd5 10. d4 c4 11. Ne5 Bf5 12. Nc3 Nb4 13. bxc4 Nc2 14. Rb1 Nb4 15. e4
dxe4 16. g4 Be6 17. d5 Rfd8 18. g5 Nd7 19. Nxe4 Nxe5 20. Bxe5 Qa5 21. Bc3 Bxd5
22. cxd5 Rxd5 23. Bxb4 Bxb4 24. Qxd5 1-0

[Event "27th Czech Open A 2016"]
[Site "Pardubice CZE"]
[Date "2016.07.24"]
[Round "3.53"]
[White "Yakimenko, Alexander A."]
[Black "Yankelevich, Lev"]
[Result "1/2-1/2"]
[WhiteElo "2171"]
[BlackElo "2415"]
[WhiteFideId "24141917"]
[BlackFideId "24684074"]
[EventDate "2016.07.22"]

1. d4 d5 2. Nf3 Nf6 3. c4 e6 4. Nc3 dxc4 5. e3 a6 6. Bxc4 b5 7. Bb3 Bb7 8. O-O
c5 9. Qe2 Nbd7 10. Rd1 Qb6 11. Bc2 Rd8 12. b3 Bd6 13. Bb2 O-O 14. Rac1 Rfe8 15.
a4 cxd4 16. Nxd4 b4 17. Nb1 Bb8 18. Nd2 Nc5 19. N4f3 Nfe4 20. Bd4 Nc3 21. Qc4
Rc8 22. Bxc3 bxc3 23. Qxc3 Ne4 24. Qb2 Nxd2 25. Nxd2 Qa5 26. Be4 Be5 27. Rxc8
Rxc8 28. Qb1 Bxe4 29. Nxe4 h6 30. g3 Qb4 31. Qd3 a5 1/2-1/2

[Event "27th Czech Open A 2016"]
[Site "Pardubice CZE"]
[Date "2016.07.24"]
[Round "3.54"]
[White "Horacek, Michal"]
[Black "Jakubowski, Krzysztof"]
[Result "0-1"]
[BlackTitle "GM"]
[WhiteElo "2128"]
[BlackElo "2557"]
[WhiteFideId "332526"]
[BlackFideId "1112848"]
[EventDate "2016.07.22"]

1. e4 c5 2. Nf3 e6 3. d4 cxd4 4. Nxd4 Nf6 5. Nc3 d6 6. Bd3 a6 7. a4 b6 8. O-O
Bb7 9. Bg5 h6 10. Bh4 g5 11. Bg3 Nbd7 12. f3 h5 13. Qe2 h4 14. Bf2 h3 15. g3 Ne5
16. Be3 Nfd7 17. Qd2 Be7 18. Be2 Rc8 19. a5 b5 20. Ncxb5 axb5 21. Nxb5 O-O 22.
a6 Ba8 23. b3 g4 24. f4 Nf3+ 25. Bxf3 gxf3 26. c4 Nc5 27. Bxc5 Rxc5 28. Qe3 Qb6
29. Rxf3 d5 30. exd5 Rxb5 0-1

[Event "27th Czech Open A 2016"]
[Site "Pardubice CZE"]
[Date "2016.07.24"]
[Round "3.55"]
[White "Nabaty, Tamir"]
[Black "Hollan, Martin"]
[Result "1-0"]
[WhiteTitle "GM"]
[BlackTitle "FM"]
[WhiteElo "2622"]
[BlackElo "2256"]
[WhiteFideId "2809052"]
[BlackFideId "360937"]
[EventDate "2016.07.22"]

1. d4 d5 2. Bf4 Nf6 3. e3 Bg4 4. f3 Bh5 5. g4 Bg6 6. h4 h5 7. g5 Nfd7 8. Nc3 e6
9. Bd3 Bxd3 10. Qxd3 g6 11. O-O-O Na6 12. e4 c6 13. exd5 Nb4 14. Qc4 Nxd5 15.
Nge2 Bg7 16. Qb3 N7b6 17. Be5 O-O 18. Ne4 Bxe5 19. dxe5 Qc7 20. c4 Ne7 21. Rd6
c5 22. Rhd1 Nf5 23. N2g3 Nd4 24. Qd3 Kg7 25. Ne2 Nc6 26. Nf4 Nb4 27. Qb3 a5 28.
Kb1 a4 29. Qc3 a3 30. b3 Rac8 31. Nd3 Nxd3 32. R1xd3 Ra8 33. Qd2 Rfe8 34. Qf4
Re7 35. Qf6+ Kg8 36. Rxb6 1-0

[Event "27th Czech Open A 2016"]
[Site "Pardubice CZE"]
[Date "2016.07.24"]
[Round "3.56"]
[White "Lintchevski, Daniil"]
[Black "Eliseev, Evgeniy"]
[Result "1-0"]
[WhiteTitle "GM"]
[WhiteElo "2548"]
[BlackElo "2248"]
[WhiteFideId "4171055"]
[BlackFideId "14139642"]
[EventDate "2016.07.22"]

1. e4 d6 2. d4 Nf6 3. Nc3 e5 4. dxe5 dxe5 5. Qxd8+ Kxd8 6. Nf3 Bd6 7. Be3 h6 8.
O-O-O Ke7 9. Nd2 Be6 10. f3 Nbd7 11. Nc4 a6 12. Nxd6 cxd6 13. g4 Rac8 14. a3 Bc4
15. h4 Bxf1 16. Rhxf1 Ke6 17. Rf2 Rc6 18. g5 hxg5 19. hxg5 Ne8 20. Nd5 Rh4 21.
b3 Rc8 22. Kb2 b5 23. Rfd2 Nf8 24. Bb6 Rh8 25. Ba5 Rh4 26. Bb4 Rc6 27. Ba5 Rc8
28. Ne3 g6 29. Nd5 Nh7 30. Rg2 Nf8 31. Rf2 Nd7 32. Rfd2 Nc5 33. Bb6 Nb7 34. Kb1
Rh3 35. Rf1 Rh4 36. Kb2 Nc5 37. Rfd1 Nb7 38. Nb4 Rh3 39. Rf1 Rg3 40. Be3 Nc7 41.
Re2 a5 42. Nd3 d5 43. exd5+ Nxd5 44. Bd2 Kd6 45. Nxe5 Rc7 46. Rd1 Kc5 47. Be1
Rxg5 48. Bf2+ Kd6 49. f4 Rf5 50. c4 bxc4 51. bxc4 1-0

[Event "27th Czech Open A 2016"]
[Site "Pardubice CZE"]
[Date "2016.07.24"]
[Round "3.57"]
[White "Prymula, Roman"]
[Black "Babula, Vlastimil"]
[Result "0-1"]
[WhiteTitle "FM"]
[BlackTitle "GM"]
[WhiteElo "2263"]
[BlackElo "2540"]
[WhiteFideId "301574"]
[BlackFideId "301264"]
[EventDate "2016.07.22"]

1. d4 Nf6 2. Nf3 g6 3. c3 Bg7 4. h3 O-O 5. Bf4 d6 6. Nbd2 Nbd7 7. e4 Nh5 8. Bh2
e5 9. dxe5 dxe5 10. Qc2 Qe7 11. Nc4 Nf4 12. g3 Ne6 13. Bg2 b6 14. Ne3 Ba6 15.
Nd5 Qe8 16. Nb4 Bb7 17. O-O Ndc5 18. Nd5 f5 19. Nd2 fxe4 20. Ne3 Ng5 21. b4 Nce6
22. Nxe4 Bxe4 23. Bxe4 Nxh3+ 24. Kg2 Nhg5 25. f3 Nxe4 26. Qxe4 Qf7 27. Rad1 Rad8
28. Rxd8 Rxd8 29. Rf2 h5 30. g4 Nf4+ 31. Kh1 Nh3 32. Rc2 Ng5 33. Qc4 Qxc4 34.
Nxc4 Nxf3 0-1

[Event "27th Czech Open A 2016"]
[Site "Pardubice CZE"]
[Date "2016.07.24"]
[Round "3.58"]
[White "Lee, Jun Hyeok"]
[Black "Plat, Vojtech"]
[Result "0-1"]
[WhiteTitle "FM"]
[BlackTitle "IM"]
[WhiteElo "2261"]
[BlackElo "2498"]
[WhiteFideId "13202340"]
[BlackFideId "325740"]
[EventDate "2016.07.22"]

1. d4 Nf6 2. c4 e6 3. Nc3 Bb4 4. Qc2 c5 5. dxc5 Bxc5 6. Nf3 Nc6 7. Bf4 O-O 8. e3
d5 9. Rd1 Qa5 10. Be2 Nb4 11. Qb3 dxc4 12. Bxc4 b5 13. Bxb5 Nfd5 14. O-O Nxf4
15. exf4 Rb8 16. Ne5 Rb7 17. Qc4 Rc7 18. Qb3 Rb7 19. Nd7 Bxd7 20. Bxd7 Qc7 21.
Qa4 Nd5 22. Nxd5 exd5 23. Qc6 d4 24. Qxc7 Rxc7 25. Bf5 g6 26. Bd3 Rb8 27. Rd2
Rcb7 28. b3 Bb4 29. Re2 Kg7 30. Rc1 Bc3 31. f5 Rd7 32. fxg6 hxg6 33. h4 a5 34.
Rd1 Rb4 35. g3 Rc7 36. Kg2 a4 37. Bc4 Rb6 38. g4 Rb8 39. Rd3 Rd8 40. Re4 axb3
41. axb3 Rh8 42. Kg3 Ra7 43. Rf4 f6 44. Rdf3 d3 45. Re4 d2 46. Rd3 Bb4 47. Bb5
Rc8 48. Kg2 Rc1 49. Rxb4 d1=Q 50. Rxd1 Rxd1 51. Bc4 Rd4 52. Kf3 Re7 53. Rb8 f5
54. gxf5 gxf5 55. Rg8+ Kf6 56. h5 Rh4 57. Rg6+ Ke5 58. h6 Rh5 59. Bg8 f4 60. h7
Kf5 61. Rc6 Re5 62. Rc8 Kg5 63. b4 Kf6 64. Rc7 Rh3+ 65. Kxf4 Reh5 66. Rc6+ Kg7
67. Be6 R3h4+ 68. Bg4 Rb5 69. Kg3 Rh1 70. Bf3 Rxh7 71. Rc4 Rh6 72. Rc7+ Kf8 73.
Be4 Rxb4 74. f3 Rh5 75. Kg4 Ra5 76. Kf4 Rb6 77. Rb7 Rxb7 78. Bxb7 Ke7 79. Bc6
Ke6 80. Bb7 Ra4+ 81. Be4 Rb4 82. Kg5 Ke5 83. Bg6 Rf4 84. Be4 Rf8 85. Bc6 Rg8+
86. Kh6 Kf6 87. Kh7 Rg3 88. Bd5 Rh3+ 89. Kg8 Rh5 90. Be4 Rc5 91. Kh7 Kg5 92. Kg7
Rc7+ 93. Kh8 Kf6 94. Bd5 Rg7 95. Be4 Kf7 96. Bd5+ Kg6 97. Be4+ Kh6 98. Bd5 Rd7
99. Be6 Rd8+ 100. Bg8 Kg6 101. f4 Kf6 102. f5 Kxf5 103. Kg7 Rd7+ 104. Kh8 Kg6
105. Bc4 Rd2 106. Bb3 Rb2 107. Bc4 Rb7 108. Bd3+ Kh6 109. Bc4 Rh7+ 110. Kg8 Rc7
111. Be6 Kg6 112. Kh8 Rc6 113. Bg8 Kf6 114. Bh7 Rc7 115. Bg8 Kg6 116. Bb3 Rc3
117. Bd5 Rc5 118. Bb3 Rh5+ 119. Kg8 Rb5 120. Bc2+ Kf6 121. Kh8 Rb8+ 122. Kh7 Rb2
123. Bd3 Rh2+ 124. Kg8 Rg2+ 125. Kh8 Rg1 126. Bc4 Kg6 127. Bd3+ Kf7 128. Bc4+
Kf8 129. Bd5 Rg5 130. Be4 Kf7 131. Bh7 Rg4 132. Bf5 Rg8+ 133. Kh7 Rg5 0-1

[Event "27th Czech Open A 2016"]
[Site "Pardubice CZE"]
[Date "2016.07.24"]
[Round "3.59"]
[White "Tokranovs, Dmitrijs"]
[Black "Haba, Petr"]
[Result "1/2-1/2"]
[BlackTitle "GM"]
[WhiteElo "2257"]
[BlackElo "2484"]
[WhiteFideId "11603011"]
[BlackFideId "300160"]
[EventDate "2016.07.22"]

1. d4 c5 2. c3 Nf6 3. Nf3 e6 4. g3 b6 5. Bg2 Bb7 6. O-O Be7 7. Bg5 O-O 8. Nbd2
cxd4 9. cxd4 d5 10. Rc1 Nc6 11. a3 h6 12. Bxf6 Bxf6 13. e3 Qd6 14. Qe2 Rfc8 15.
Rc2 Ne7 16. Rfc1 Rxc2 17. Rxc2 Rc8 18. Qd3 Rxc2 19. Qxc2 Qc6 20. Qxc6 Nxc6 21.
Bf1 Be7 22. h4 g5 23. hxg5 hxg5 24. g4 f6 25. Be2 Kf7 26. Kf1 Bd6 27. Ke1 e5 28.
dxe5 Bxe5 29. Nxe5+ fxe5 30. f3 Ke7 31. Nf1 d4 32. Kd2 dxe3+ 33. Kxe3 Nd4 34.
Bd1 Nb5 35. Ng3 Nd6 36. Be2 1/2-1/2

[Event "27th Czech Open A 2016"]
[Site "Pardubice CZE"]
[Date "2016.07.24"]
[Round "3.60"]
[White "Ni, Viktorija"]
[Black "Solozhenkin, Evgeniy"]
[Result "0-1"]
[WhiteTitle "WIM"]
[BlackTitle "GM"]
[WhiteElo "2241"]
[BlackElo "2454"]
[WhiteFideId "11602252"]
[BlackFideId "4102266"]
[EventDate "2016.07.22"]

1. c4 c5 2. Nf3 Nc6 3. g3 e5 4. Nc3 g6 5. Bg2 Bg7 6. O-O Nge7 7. Ne1 O-O 8. a3
a5 9. Nc2 d6 10. d3 Be6 11. Ne3 Rb8 12. Rb1 Qd7 13. Ned5 Bg4 14. Nb6 Qd8 15.
Nbd5 Nxd5 16. cxd5 Ne7 17. Bg5 b5 18. b4 cxb4 19. axb4 a4 20. Qd2 f6 21. f3 Bd7
22. Be3 Nf5 23. Bf2 Nd4 24. Ne4 Qe7 25. f4 f5 26. fxe5 Qxe5 27. e3 Nb3 28. Rxb3
axb3 29. d4 Qe7 30. Nc3 g5 31. Re1 Qf7 32. Rb1 f4 33. e4 f3 34. Bf1 Qg6 35. Rxb3
g4 36. Ra3 Ra8 37. Qa2 Rxa3 38. Qxa3 Rc8 39. Qa7 Qe8 40. Qa3 Rc7 41. e5 Qc8 42.
Ne4 Rc1 43. Nc5 Rxf1+ 44. Kxf1 dxc5 45. bxc5 Bf5 46. c6 Bf8 47. Qb3 Qa6 48. d6+
Kg7 49. Qe3 Qxc6 50. Qg5+ Kh8 51. Qf6+ Kg8 52. Qg5+ Bg6 53. Qd2 Qd5 54. Be3 Bf5
55. Bf2 h6 0-1

[Event "27th Czech Open A 2016"]
[Site "Pardubice CZE"]
[Date "2016.07.24"]
[Round "3.61"]
[White "Neuman, Petr"]
[Black "Spitzl, Vinzent"]
[Result "1-0"]
[WhiteTitle "GM"]
[WhiteElo "2446"]
[BlackElo "2238"]
[WhiteFideId "305243"]
[BlackFideId "12901253"]
[EventDate "2016.07.22"]

1. d4 d5 2. c4 e6 3. Nc3 Bb4 4. e3 Nf6 5. a3 Bxc3+ 6. bxc3 c6 7. Bd3 e5 8. Ne2
e4 9. Bc2 O-O 10. f3 Re8 11. O-O exf3 12. gxf3 dxc4 13. e4 Bh3 14. Rf2 Qa5 15.
Nf4 Qg5+ 16. Kh1 Qh4 17. Qe2 b5 18. a4 Nbd7 19. axb5 cxb5 20. Be3 Nf8 21. e5 Nh5
22. Nxh3 Qxh3 23. Rg1 g6 24. Be4 Rac8 25. f4 Ng7 26. f5 Kh8 27. Rf3 Qh4 28. Bg5
Qh5 29. Qg2 gxf5 30. Bxf5 Nfe6 31. Bf6 1-0

[Event "27th Czech Open A 2016"]
[Site "Pardubice CZE"]
[Date "2016.07.24"]
[Round "3.62"]
[White "Nguyen, Thai Dai Van"]
[Black "Contin, Daniel"]
[Result "1-0"]
[WhiteTitle "FM"]
[BlackTitle "IM"]
[WhiteElo "2445"]
[BlackElo "2232"]
[WhiteFideId "358878"]
[BlackFideId "803618"]
[EventDate "2016.07.22"]

1. e4 e6 2. d4 d5 3. Nc3 Bb4 4. e5 c5 5. a3 Bxc3+ 6. bxc3 Ne7 7. Qg4 Kf8 8. Bd3
Qa5 9. Bd2 Qa4 10. Qd1 Nbc6 11. Nf3 cxd4 12. cxd4 Nxd4 13. O-O Nxf3+ 14. Qxf3
Nc6 15. Rfe1 b6 16. c4 Nd4 17. Qf4 Nb3 18. Bb4+ Nc5 19. cxd5 Kg8 20. Bc4 Ba6 21.
Bxa6 Nxa6 22. d6 h6 23. Rac1 Rd8 24. Rc3 Rd7 25. h4 Nb8 26. Qe4 g6 27. Rc8+ Kg7
28. Rxh8 Kxh8 29. Rc1 Rd8 30. Qf4 Qe8 31. Qxh6+ Kg8 32. Bd2 Nd7 33. Bg5 Qf8 34.
Qxf8+ Rxf8 35. Rc7 Nxe5 36. Bf6 Ng4 37. Be7 Ne5 38. Bxf8 Kxf8 39. f4 1-0

[Event "27th Czech Open A 2016"]
[Site "Pardubice CZE"]
[Date "2016.07.24"]
[Round "3.63"]
[White "Shevchenko, Kirill"]
[Black "Rous, Daniel"]
[Result "1-0"]
[WhiteTitle "FM"]
[WhiteElo "2443"]
[BlackElo "2232"]
[WhiteFideId "14129574"]
[BlackFideId "338150"]
[EventDate "2016.07.22"]

1. e4 c5 2. Nf3 d6 3. d4 cxd4 4. Nxd4 Nf6 5. Nc3 a6 6. Be3 e6 7. Be2 Nbd7 8. f4
b5 9. Bf3 Bb7 10. e5 Bxf3 11. Nxf3 dxe5 12. fxe5 b4 13. exf6 bxc3 14. fxg7 Bxg7
15. b3 Ne5 16. Nxe5 Qxd1+ 17. Rxd1 Bxe5 18. Ke2 Rg8 19. g3 Rg4 20. Kf3 h5 21.
Rhe1 Rc8 22. Bf2 f6 23. Re4 Rxe4 24. Kxe4 Kf7 25. Rd3 Kg6 26. Bd4 Bxd4 27. Kxd4
e5+ 28. Ke4 Rc6 29. a4 Kg5 30. h3 Rc8 31. Rd6 a5 32. Rd5 Ra8 33. Rd3 Rc8 34. Rd5
Ra8 35. Rc5 Rd8 36. Rxc3 Rd4+ 37. Ke3 h4 38. g4 Rd1 39. Rd3 Rh1 40. Ke4 Re1+ 41.
Re3 Rd1 42. c4 Rc1 43. Kd3 Kf4 44. Kd2 Rd1+ 45. Kxd1 Kxe3 46. Ke1 Kd4 47. Kd2
Kc5 48. Kc3 e4 49. Kc2 Kd4 50. Kd2 Ke5 51. Ke3 f5 52. gxf5 Kxf5 53. c5 Ke5 54.
c6 Kd6 55. Kxe4 Kxc6 56. Kf4 Kc5 57. Kg4 Kb4 58. Kxh4 Kxb3 59. Kg5 Kxa4 60. h4
Kb3 61. h5 a4 62. h6 a3 63. h7 Kb2 64. h8=Q+ Kb1 65. Qb8+ Ka1 66. Qe5+ Kb1 67.
Qe4+ Ka1 68. Qc2 a2 69. Qc1# 1-0

[Event "27th Czech Open A 2016"]
[Site "Pardubice CZE"]
[Date "2016.07.24"]
[Round "3.64"]
[White "Johannesson, Oliver"]
[Black "Bryzgalin, Kirill"]
[Result "1/2-1/2"]
[WhiteTitle "FM"]
[BlackTitle "GM"]
[WhiteElo "2232"]
[BlackElo "2442"]
[WhiteFideId "2305623"]
[BlackFideId "4133285"]
[EventDate "2016.07.22"]

1. d4 d5 2. c4 c6 3. Nf3 Nf6 4. Nc3 a6 5. a4 e6 6. g3 a5 7. Bg2 Be7 8. O-O O-O
9. Ne5 Na6 10. e4 Nb4 11. Be3 Ra7 12. Rc1 b6 13. cxd5 cxd5 14. exd5 Nfxd5 15.
Nxd5 exd5 16. Bd2 Bb7 17. Qb3 Ba8 18. Bxb4 Bxb4 19. Nc6 Bxc6 20. Rxc6 Rd7 21.
Rfc1 g6 22. Bh3 Rd6 23. Qe3 Re8 24. Rxd6 Bxd6 25. Rc8 Qxc8 26. Bxc8 Rxe3 27.
fxe3 f5 28. Be6+ Kg7 29. Bxd5 Kf6 30. Kf2 h5 31. h3 Bc7 32. Kf3 Bd6 33. g4 hxg4+
34. hxg4 Bh2 35. Bc4 Bg1 36. gxf5 gxf5 37. Ba2 Ke7 38. Ke2 f4 39. exf4 Bxd4 40.
b3 1/2-1/2

[Event "27th Czech Open A 2016"]
[Site "Pardubice CZE"]
[Date "2016.07.24"]
[Round "3.65"]
[White "Gressmann, Moritz"]
[Black "Nagy, Gabor1"]
[Result "0-1"]
[BlackTitle "IM"]
[WhiteElo "2228"]
[BlackElo "2439"]
[WhiteFideId "24695084"]
[BlackFideId "737119"]
[EventDate "2016.07.22"]

1. e4 c5 2. Nf3 e6 3. Nc3 Qb6 4. b3 Nc6 5. Bb2 d6 6. Na4 Qa5 7. c4 Nf6 8. e5
dxe5 9. Nxe5 Nxe5 10. Bxe5 Be7 11. Be2 O-O 12. Bf3 Rd8 13. Nc3 Nd7 14. Bg3 Bf6
15. Qc2 Be5 16. Rd1 a6 17. Ne4 Qc7 18. Ng5 Nf8 19. Qe4 Bxg3 20. hxg3 h6 21. Nh3
e5 22. Qe3 Bf5 23. g4 Bc2 24. Rc1 Bg6 25. g5 Rd3 26. Qe2 Rad8 27. gxh6 Rxd2 28.
Qxd2 Rxd2 29. Kxd2 Qa5+ 30. Ke3 Qxa2 31. Rc3 gxh6 32. Bxb7 Ne6 33. Be4 Nd4 34.
Ng1 Qb2 35. Rd3 Qc1+ 0-1

[Event "27th Czech Open A 2016"]
[Site "Pardubice CZE"]
[Date "2016.07.24"]
[Round "3.66"]
[White "Tomazini, Zan"]
[Black "Bibik, Jura"]
[Result "1-0"]
[WhiteTitle "IM"]
[BlackTitle "IM"]
[WhiteElo "2432"]
[BlackElo "2225"]
[WhiteFideId "14608162"]
[BlackFideId "4113071"]
[EventDate "2016.07.22"]

1. e4 e5 2. Nf3 Nc6 3. d4 exd4 4. Nxd4 Nf6 5. Nxc6 bxc6 6. e5 Qe7 7. Qe2 Nd5 8.
c4 Nb6 9. Nc3 a5 10. Qe4 Qe6 11. Bd3 Bb4 12. Bd2 d5 13. exd6 cxd6 14. O-O-O Qxe4
15. Nxe4 O-O 16. Be3 Nxc4 17. Bxc4 d5 18. Bd3 dxe4 19. Bxe4 Be6 20. Kb1 Rab8 21.
Ka1 Rfc8 22. Rc1 a4 23. Rxc6 Rxc6 24. Bxc6 a3 25. Bd4 axb2+ 26. Bxb2 Rb6 27. Be4
Ra6 28. Bb1 Rd6 29. Rc1 Rd2 30. Rc6 Kf8 31. a3 Bd6 32. Bc3 Rd1 33. Rxd6 Rxd6 34.
Bb4 Ke7 35. Ba2 1-0